Ekologický plán VSN-súbor grafických výstupov Ekologická optimalizácia využívania Východoslovenskej nížiny. 13.-16.5.1986. Zemplínska Šírava
Salvato in:
| Autore principale: | |
|---|---|
| Natura: | Libro |
| Lingua: | slovacco |
| Pubblicazione: |
Bratislava
Ústav experimentálnej biológie a ekológie
1986
|
| Edizione: | 1. vyd. |
| Tags: |
Nessun Tag, puoi essere il primo ad aggiungerne!!
|
MARC
| LEADER | 00000nam a2200000 4500 | ||
|---|---|---|---|
| 001 | c027318 | ||
| 005 | 20230307125622.1 | ||
| 041 | 0 | |a slo | |
| 044 | |a SK | ||
| 245 | 1 | 0 | |a Ekologický plán VSN-súbor grafických výstupov |b Ekologická optimalizácia využívania Východoslovenskej nížiny. 13.-16.5.1986. Zemplínska Šírava |c Ladislav Miklós a kol. |
| 250 | |a 1. vyd. | ||
| 264 | 1 | |a Bratislava |b Ústav experimentálnej biológie a ekológie |c 1986 | |
| 300 | |a 120 s. | ||
| 100 | 1 | |a Miklós, László | |